000 00671nam a2200205Ia 4500
001 10087
003 GE_BSU
008 181216s||||||||xx |||||||||||||| ||und||
040 _cGE_BSU
080 _a821.353.1–84
100 _aრუსთაველი,შოთა
245 _aაფორიზმები
245 _cრედ.ალ.ბარამიძე.მხატვ.ლევან ცუცქირიძე
260 _aთბილისი
260 _bლიტერატურა და ხელოვნება
260 _c1966
300 _a156გვ.ილ.17სმ.
653 _aაფორიზმები
942 _cBK
999 _c43359
_d43359